ბათუმის შოთა რუსთაველის სახელმწიფო უნივერსიტეტის ბიბლიოთეკა

ნარკვევები პოლიტიკურ მოძღვრებათა ისტორიიდან. წ. 2, მონათმფლობელური ეპოქა : (ბიბ.ჩანაწერი № 63892)

000 -ლიდერი
ფიქსირებული სიგრძის საკონტროლო ველი 01137nam a22002057a 4500
003 - საკონტროლო ნომრის იდენტიფიკატორი
საკონტროლო ველი Ge_BSU
005 - ბოლო ოპერაციის თარიღი და დრო
საკონტროლო ველი 20260213140536.0
008 - ფიქსირებული სიგრძის მონაცემთა ელემენტები - ზოგადი ინფორმაცია
ფიქსირებული სიგრძის საკონტროლო ველი 260213s1977 ge ||||| |||| 00| 0 geo d
041 ## - ენის კოდი
Language code of text/sound track or separate title geo
080 ## - უნივერსალური ათობითი კლასიფიკაციის ინდექსი
Universal Decimal Classification number 32.001(09) ა-13
100 ## - მთავარი ჩანაწერი - პიროვნების სახელი
Personal name აბაშმაძე, ვახტანგ
9 (RLIN) 26205
245 ## - ცნობა სათაურის შესახებ
Title ნარკვევები პოლიტიკურ მოძღვრებათა ისტორიიდან. წ. 2, მონათმფლობელური ეპოქა :
Remainder of title ანტიკური სამყაროს ქვეყნები /
Statement of responsibility, etc ვახტანგ აბაშმაძე.
264 ## - წარმოების, გამოცემის, დისტრიბუციის და სხვა ცნობები
გამოცემის, წარმოების, დისტრიბუციის... ადგილი თბილისი :
გამოცემის, წარმოების, დისტრიბუციის... სახელწოდება საბჭ. საქართველო,
გამოცემის, წარმოების, დისტრიბუციის... თარიღი 1977.
300 ## - ფიზიკური აღწერა
Extent 582 გვ.;
Other physical details 22 სმ.
520 ## - SUMMARY, ETC.
Summary, etc რეზ. რუს. და გერმ. ენ.
653 ## - INDEX TERM--UNCONTROLLED
Uncontrolled term პოლიტიკურ მოძღვრებათა ისტორია
653 ## - INDEX TERM--UNCONTROLLED
Uncontrolled term მონათმფლობელური სახელმწიფო.
653 ## - INDEX TERM--UNCONTROLLED
Uncontrolled term ანტიკური სახელმწიფოები
942 ## - ADDED ENTRY ELEMENTS (KOHA)
Source of classification or shelving scheme
Koha item type წიგნი
ეგზემპლარები
ჩამოწერის სტატუსი დაკარგული ეგზემპლარის სტატუსი კლასიფიკაციის წყარო ან თაროზე გაწყობის სქემა დაზიანების სტატუსი არ გაიცემა მუდმივი მდებარეობა (დაცვის ადგილი) ამჟამინდელი ადგილსამყოფელი თაროზე განთავსების ადგილი შეძენის თარიღი ღირებულება, შესყიდვის ნორმალური ფასი სრული შენახვის შიფრი შტრიხკოდი ბოლო ოპერაციის თარიღი ეგზემპლარის მიმდევრობითი ნომერი (კეტერი?) ფასის ძალაში შესვლის თარიღი ეგზემპლარის სახეობა საჯარო შენიშვნა
          ბათუმის შოთა რუსთაველის სახელმწიფო უნივერსიტეტის მთავარი ბიბლიოთეკა ბათუმის შოთა რუსთაველის სახელმწიფო უნივერსიტეტის მთავარი ბიბლიოთეკა წიგნსაცავი 2026-02-13 5.00 32.001(09) ა-13 73750 2026-02-13 73750 2026-02-13 წიგნი 5 ლ.